000 00334 a2200157 4500
001 148857
040 _cEscola São Tomás de Aquino
100 _aWILLIAMS, Sam
240 1 0 _aIsso é amor
_lpor
245 1 0 _aIsso é amor
300 _a29
362 0 _a2009
440 1 _aScipione
697 _a*LITERATURA INFANTO
942 _cBK
999 _c148857
_d148857